| 000 | 00939nas a2200253 i 4500 | ||
|---|---|---|---|
| 001 | 483 | ||
| 003 | ES-MaACL | ||
| 005 | 20250901102118.0 | ||
| 007 | t| | ||
| 008 | 950801c1912 sp | | 1 ||pa d | ||
| 245 | 0 | 0 |
_aBoletín oficial de comercio, industria y trabajo / _cDirección General de Comercio, Industria y Trabajo. |
| 260 |
_aMadrid : _bDirección General de Comercio, Industria y Trabajo|, _c1912-1914. |
||
| 300 |
_a4 v. ; _c23 cm. |
||
| 310 | _aMensual | ||
| 362 | 0 | _aAño 1, n. 1 (mayo 1912)-año 3, n. 28 (dic. 1914) | |
| 650 | 1 | 7 |
_aComercio _2embne _911157 |
| 650 | 0 | 7 |
_aIndustria _2embne _913713 |
| 650 | 7 |
_aDerecho laboral _2embne _9135885 |
|
| 710 | 1 |
_aEspaña. _bDirección General de Comercio, Industria y Trabajo. _93718 |
|
| 785 | 0 | 0 |
_tBoletín oficial de la Dirección General de Comercio, Industria y Trabajo, _d1915-1920 |
| 852 |
_aES-MaACL _jHem-701 |
||
| 866 | 0 | _o1912-15. | |
| 999 |
_c483 _d483 |
||